Canada Populous Metros Quiz Stats

 Plays Quiz Updated Mar 29, 2018

Score 0/25 Timer 08:00
11 Plays Today
% Correct
Toronto
97.3%
Vancouver
95.8%
Montréal
93.3%
Ottawa - Gatineau
85.8%
Québec
84.6%
Calgary
84.1%
Edmonton
80.1%
Winnipeg
73.6%
Halifax
65.2%
Victoria
60.5%
Regina
56.8%
Saskatoon
56.4%
St. John's
53.7%
% Correct
Hamilton
48.5%
London
48.4%
Windsor
44.7%
Kitchener
28.8%
St. Catharines - Niagara
27.6%
Kingston
27.3%
Greater Sudbury
24.2%
Kelowna
21.9%
Oshawa
20.9%
Barrie
19.9%
Sherbrooke
16.2%
Abbotsford
13.7%

You're not logged in!

Compare scores with friends on all Sporcle quizzes.
OR
Log In

Sporcle TV

Today on Sporcle TV


Watch our educational content, quiz creation guides, and fun videos on Sporcle TV.

Show Comments

Extras

Top Quizzes Today


Score Distribution

Your Account Isn't Verified!

In order to create a playlist on Sporcle, you need to verify the email address you used during registration. Go to your Sporcle Settings to finish the process.

Report this User

Report this user for behavior that violates our Community Guidelines.

Details: